000 00488nam a2200181Ia 4500
008 240925s9999 xx 000 0 und d
020 _a9789332560093
082 _a174.4 VEL
100 _aVelasquez, Manuel G.
245 0 _aBusiness Ethics: concepts and cases
250 _a7th
260 _aUnited States:
_bPearson Education Inc
_c,2017.
300 _a572p.
_b0
_fOriginal
500 _aIncludes Index
600 _aHumanities & Natural Science
650 _aEthics
942 _cBK
999 _c14662
_d14662